[Event "Montigny le Bretonneux op 24th"]
[Site "Montigny le Bretonneux"]
[Date "2022.05.28"]
[Round "4"]
[White "Baysse, Nathan"]
[Black "Haquet Larrouy, Alban"]
[Result "1-0"]
[WhiteElo "1199"]
[BlackElo "1099"]
[PlyCount "79"]
[EventDate "2022.05.26"]
[EventType "swiss"]
[EventRounds "9"]
[EventCountry "FRA"]
[SourceTitle "CBM 208 Extra"]
[Source "ChessBase"]
[SourceDate "2022.07.31"]
[SourceVersion "1"]
[SourceVersionDate "2022.07.31"]
[SourceQuality "1"]

1. e4 e5 2. Nf3 Nc6 3. Bc4 Bc5 4. 0-0 d6 5. Nc3 Nf6 6. d3 0-0 7. Be3 Bxe3 8. fxe3 Bg4 9. Nd5 Bxf3 10. Nxf6+ Qxf6 11. Rxf3 Qd8 12. Qf1 Qe7 13. Rh3 Na5 14. Qf5 g6 15. Qf2 Nxc4 16. dxc4 Qe6 17. Qh4 h5 18. b3 Qg4 19. Qxg4 hxg4 20. Rg3 f5 21. Rf1 f4 22. exf4 Rxf4 23. Rxf4 exf4 24. Rxg4 Kg7 25. Rxf4 Rf8 26. Rxf8 Kxf8 27. Kf2 Ke7 28. Ke3 Ke6 29. h4 c6 30. Kf4 Kf6 31. g4 d5 32. cxd5 cxd5 33. exd5 Ke7 34. h5 gxh5 35. gxh5 Kd6 36. h6 b5 37. h7 Kxd5 38. h8Q a5 39. Qh5+ Kd4 40. Qxb5 1-0

[Event "Montigny le Bretonneux op 24th"]
[Site "Montigny le Bretonneux"]
[Date "2022.05.28"]
[Round "6"]
[White "Haquet Larrouy, Alban"]
[Black "Couradin, Jean Marie"]
[Result "0-1"]
[WhiteElo "1099"]
[BlackElo "1508"]
[PlyCount "64"]
[EventDate "2022.05.26"]
[EventType "swiss"]
[EventRounds "9"]
[EventCountry "FRA"]
[SourceTitle "CBM 208 Extra"]
[Source "ChessBase"]
[SourceDate "2022.07.31"]
[SourceVersion "1"]
[SourceVersionDate "2022.07.31"]
[SourceQuality "1"]

1. e4 c6 2. Nc3 d5 3. exd5 cxd5 4. d4 Nf6 5. g3 Nc6 6. Bg2 Bf5 7. Bf4 e6 8. Bf3 Qb6 9. Be3 Qxb2 10. Na4 Qxc2 11. g4 Qxd1+ 12. Rxd1 Bc2 13. Rc1 Bxa4 14. g5 Bb4+ 15. Bd2 Bxd2+ 16. Kxd2 Ne4+ 17. Bxe4 dxe4 18. Ke3 Rd8 19. Rc4 Bb5 20. Rc5 Bd3 21. f3 Rxd4 22. fxe4 Bxe4 23. Nf3 Bxf3 24. Kxf3 Ke7 25. Rb5 b6 26. Re1 Kd6 27. Ke2 Rd8 28. Rd1 Rxd1 29. Kxd1 Nd4 30. Rb2 Kc6 31. Rd2 e5 32. Ke1 Nf3+ 0-1